ბათუმის შოთა რუსთაველის სახელმწიფო უნივერსიტეტის ბიბლიოთეკა

ალუბლის ბაღი. კომედია 4 მოქმედებად (ბიბ.ჩანაწერი № 49740)

000 -LEADER
fixed length control field 00671nam a2200217Ia 4500
001 - CONTROL NUMBER
control field 16675
003 - CONTROL NUMBER IDENTIFIER
control field GE_BSU
008 - FIXED-LENGTH DATA ELEMENTS--GENERAL INFORMATION
fixed length control field 181216s||||||||xx |||||||||||||| ||und||
040 ## - CATALOGING SOURCE
Transcribing agency GE_BSU
080 ## - UNIVERSAL DECIMAL CLASSIFICATION NUMBER
Universal Decimal Classification number 821.161.1-22
100 ## - MAIN ENTRY--PERSONAL NAME
Personal name ჩეხოვი, ა.
245 ## - TITLE STATEMENT
Title ალუბლის ბაღი. კომედია 4 მოქმედებად
245 ## - TITLE STATEMENT
Statement of responsibility, etc. მთარგმნ.: შალვა დადიანი
260 ## - PUBLICATION, DISTRIBUTION, ETC.
Place of publication, distribution, etc. თბილისი
260 ## - PUBLICATION, DISTRIBUTION, ETC.
Name of publisher, distributor, etc. ხელოვნება
260 ## - PUBLICATION, DISTRIBUTION, ETC.
Date of publication, distribution, etc. 1954
300 ## - PHYSICAL DESCRIPTION
Extent 62გვ. ; 20სმ
653 ## - INDEX TERM--UNCONTROLLED
Uncontrolled term ალუბლის ბაღი
653 ## - INDEX TERM--UNCONTROLLED
Uncontrolled term კომედია
942 ## - ADDED ENTRY ELEMENTS (KOHA)
Koha item type წიგნი
ეგზემპლარები
Withdrawn status Lost status Damaged status Not for loan Date acquired Barcode Date last seen Price effective from Koha item type
        2018-12-17 22077 2018-12-17 2018-12-17 წიგნი
        2018-12-17 22078 2018-12-17 2018-12-17 წიგნი
        2018-12-17 22079 2018-12-17 2018-12-17 წიგნი
        2018-12-17 22080 2018-12-17 2018-12-17 წიგნი
        2018-12-17 22081 2018-12-17 2018-12-17 წიგნი
        2018-12-17 22082 2018-12-17 2018-12-17 წიგნი
        2018-12-17 22083 2018-12-17 2018-12-17 წიგნი
        2018-12-17 22084 2018-12-17 2018-12-17 წიგნი